[Event "Lichtenrader Herbst 2011"]
[Site "Berlin"]
[Date "2011.10.11"]
[Round "4.13"]
[White "Grottke, Hans-Joachim"]
[Black "Feikes, Joerg"]
[Result "1-0"]
[WhiteElo "2237"]
[BlackElo "1991"]
[PlyCount "61"]
[EventDate "2011.??.??"]
[WhiteTeam "SC Empor Potsdam 1952 e.V."]
[BlackTeam "vereinlos"]

1. e4 e5 2. Nf3 Nc6 3. Bb5 a6 4. Bxc6 dxc6 5. Nc3 f6 6. d4 exd4 7. Qxd4 Qxd4 8.
Nxd4 c5 9. Nde2 Bd7 10. Bf4 O-O-O 11. O-O-O Ne7 12. f3 f5 13. Ng3 g6 14. Bg5
Re8 15. Rhe1 Bg7 16. Bxe7 Rxe7 17. Nd5 Rf7 18. exf5 Bxf5 19. Nxf5 gxf5 20. f4
h5 21. Ne7+ Kb8 22. Rd5 b6 23. Rxf5 Rhf8 24. Rxf7 Rxf7 25. g3 h4 26. Nc6+ Kc8
27. Re7 hxg3 28. hxg3 Rxe7 29. Nxe7+ Kd7 30. Nf5 Bf8 31. c4 1-0

[Event "Lichtenrader Herbst 2011"]
[Site "Berlin"]
[Date "2011.10.11"]
[Round "4.14"]
[White "Gaerths, Ronny"]
[Black "Bahner, Julius"]
[Result "1/2-1/2"]
[WhiteElo "2219"]
[BlackElo "1990"]
[PlyCount "82"]
[EventDate "2011.??.??"]
[WhiteTeam "SC Kreuzberg e.V."]
[BlackTeam "SC Kreuzberg e.V."]

1. d4 f5 2. Nf3 Nf6 3. Bg5 e6 4. Nbd2 d5 5. e3 Be7 6. Ne5 O-O 7. Bd3 Bd7 8. h4
Be8 9. h5 h6 10. Bxf6 Bxf6 11. f4 Nd7 12. Nxd7 Bxd7 13. c3 Qe8 14. Kf2 Qf7 15.
Qe2 Kh8 16. Rag1 a6 17. Nf3 Qe8 18. Bb1 Rc8 19. g4 Qd8 20. g5 Be7 21. gxh6 gxh6
22. Ne5 Be8 23. Qf3 Bf6 24. Ng6+ Bxg6 25. Rxg6 Kh7 26. Rhg1 Qe7 27. Qg2 Qf7 28.
Qh3 Rce8 29. Kf3 Bh8 30. Bd3 Qe7 31. Qg2 Qf7 32. Qh2 Rg8 33. Qh4 Rgf8 34. R1g3
Bf6 35. Qh2 Bh8 36. Qg1 Rg8 37. a3 c6 38. Qg2 Bf6 39. Qg1 Rg7 40. Rxg7+ Bxg7
41. Rg6 Bf6 1/2-1/2

[Event "Lichtenrader Herbst 2011"]
[Site "Berlin"]
[Date "2011.10.11"]
[Round "4.15"]
[White "Zschäbitz, Klaus"]
[Black "Wendt, Jan-Dietrich"]
[Result "1-0"]
[WhiteElo "2093"]
[BlackElo "2373"]
[PlyCount "165"]
[EventDate "2011.??.??"]
[WhiteTeam "BSG 1827 Eckbauer e.V."]
[BlackTeam "Sfrd. Berlin 1903 e.V."]

1. d4 Nf6 2. c4 g6 3. g3 Bg7 4. Bg2 O-O 5. Nc3 c6 6. e4 d6 7. Nf3 Qa5 8. O-O e5
9. h3 Nbd7 10. Be3 Nb6 11. c5 dxc5 12. dxe5 Nfd7 13. Nd2 Bxe5 14. Nb3 Qb4 15.
a3 Qc4 16. Rc1 Na4 17. Nxa4 Qxa4 18. Nxc5 Nxc5 19. Bxc5 Qxd1 20. Rcxd1 Re8 21.
Rd2 Be6 22. f4 Bc7 23. Kh2 a5 24. e5 a4 25. Bf3 Rad8 26. Rfd1 Bb3 27. Rxd8 Rxd8
28. Rxd8+ Bxd8 29. Bd4 h5 30. h4 Kf8 31. Be4 Bd5 32. Bc2 b5 33. f5 gxf5 34.
Bxf5 Be7 35. Bd7 c5 36. Be3 Bc4 37. g4 hxg4 38. Kg3 Be2 39. h5 Kg8 40. Kf2 Bc4
41. Bxg4 b4 42. Bf5 Be6 43. Bc2 bxa3 44. bxa3 Bb3 45. Be4 Bd1 46. h6 Bh4+ 47.
Kf1 Be7 48. Ke1 Bb3 49. Bc1 Be6 50. Bb2 Bg5 51. h7+ Kg7 52. Bc2 Be3 53. Ke2 Bg1
54. Be4 Bh2 55. Kd3 Bg3 56. Ke3 Be1 57. Bc2 Ba5 58. Be4 Be1 59. Kd3 Ba5 60. Bc3
Bc7 61. Kc2 Bb8 62. Kb2 Bc7 63. Bc2 Bb8 64. Bxa4 Kxh7 65. Bb3 c4 66. Bc2+ Kh6
67. Be4 Kg5 68. a4 Bc8 69. Bd5 Kf5 70. Bxf7 Bxe5 71. Bxc4 Bc7 72. Bf1 Ke4 73.
Kb3 Kd5 74. Bg2+ Kc5 75. Bb4+ Kd4 76. Bc6 Be6+ 77. Ka3 Bc4 78. Be7 Ba5 79. Bd6
Kc3 80. Be5+ Kd2 81. Be4 Be2 82. Bd5 Bd1 83. Bc4 1-0

[Event "Lichtenrader Herbst 2011"]
[Site "Berlin"]
[Date "2011.10.11"]
[Round "4.16"]
[White "Pesola, Jyrki"]
[Black "Graf, Felix"]
[Result "0-1"]
[WhiteElo "1933"]
[BlackElo "2341"]
[PlyCount "72"]
[EventDate "2011.??.??"]
[BlackTeam "FC Bayern München e.V."]

1. e4 e6 2. d4 d5 3. Nd2 Nf6 4. e5 Nfd7 5. Bd3 c5 6. c3 b5 7. Ne2 Qb6 8. O-O
Nc6 9. Nf3 a5 10. b3 Ba6 11. Be3 cxd4 12. cxd4 Ba3 13. Bc1 Be7 14. Bb2 O-O 15.
Rc1 Rfc8 16. Qd2 a4 17. bxa4 b4 18. Bb1 Nf8 19. Rfd1 Na5 20. Rxc8 Rxc8 21. Bc1
Nc4 22. Qf4 Na3 23. Bd3 Bxd3 24. Rxd3 Qa6 25. Qd2 Rc2 26. Qd1 Rxa2 27. Nf4 Ra1
28. h3 Nc4 29. Qc2 Qxa4 30. Qxa4 Rxa4 31. Rb3 Ra1 32. Nd3 Nd7 33. Kh2 f6 34.
exf6 gxf6 35. Bb2 Rb1 36. Nfe1 Na5 0-1

[Event "Lichtenrader Herbst 2011"]
[Site "Berlin"]
[Date "2011.10.11"]
[Round "4.19"]
[White "Gebigke, Martin"]
[Black "Mehringer, Jörg"]
[Result "1-0"]
[WhiteElo "2191"]
[BlackElo "1886"]
[PlyCount "93"]
[EventDate "2011.??.??"]
[WhiteTeam "SV Berolina Mitte e.V."]
[BlackTeam "SC Weisse Dame e.V."]

1. d4 Nf6 2. c4 e5 3. dxe5 Ne4 4. Nf3 Nc6 5. Nbd2 Bb4 6. a3 Bxd2+ 7. Bxd2 Qe7
8. Bf4 d6 9. Qd5 f5 10. exf6 Nxf6 11. Qd3 O-O 12. g3 Ne5 13. Nxe5 dxe5 14. Bg5
Be6 15. Bg2 Qc5 16. b4 Qxc4 17. Qxc4 Bxc4 18. Bxb7 Rab8 19. Bf3 e4 20. Bg2 Bd5
21. O-O Ng4 22. Bf4 Rb7 23. Rac1 c6 24. h3 Nf6 25. Rfd1 h6 26. Rc5 Nd7 27. Ra5
Nb6 28. Rd4 Re8 29. Rc5 Nd7 30. Ra5 Nb6 31. h4 Nc4 32. Ra6 Ree7 33. Bf1 Rb6 34.
Rxb6 axb6 35. b5 Ne5 36. Bh3 Nf7 37. a4 g5 38. hxg5 Nxg5 39. Bg2 Kf7 40. Bc1
Ne6 41. Rd1 Kg6 42. bxc6 Bxc6 43. Rd6 Bxa4 44. Bxe4+ Kg7 45. Rxb6 Ng5 46. Bb2+
Kf7 47. Bg6+ 1-0

[Event "Lichtenrader Herbst 2011"]
[Site "Berlin"]
[Date "2011.10.11"]
[Round "4.20"]
[White "Duenas, Alexis"]
[Black "Kropman, Alexei"]
[Result "1-0"]
[WhiteElo "1907"]
[BlackElo "2072"]
[PlyCount "53"]
[EventDate "2011.??.??"]
[WhiteTeam "Sollentuna SK"]
[BlackTeam "TuS Makkabi Berlin e.V."]

1. d4 d5 2. c4 e6 3. Nc3 Nf6 4. Bf4 Be7 5. e3 O-O 6. Nf3 c6 7. c5 Nbd7 8. Bd3
Ne8 9. Qc2 f5 10. g4 g6 11. gxf5 exf5 12. h4 Ndf6 13. O-O-O Ng7 14. Rdg1 Bd7
15. Ne5 Nfh5 16. Bg5 Bxg5 17. hxg5 Be8 18. f4 b6 19. Ne2 Rb8 20. Ng3 Nxg3 21.
Rxg3 Rb7 22. Rgh3 Ne6 23. Rh6 Qe7 24. Qh2 Qg7 25. cxb6 axb6 26. Be2 c5 27. Bf3
1-0

[Event "Lichtenrader Herbst 2011"]
[Site "Berlin"]
[Date "2011.10.12"]
[Round "5.2"]
[White "Lagunow, Alexander"]
[Black "Meijers, Viesturs"]
[Result "1/2-1/2"]
[WhiteElo "2430"]
[BlackElo "2471"]
[PlyCount "23"]
[EventDate "2011.??.??"]
[WhiteTeam "TuS Makkabi Berlin e.V."]
[BlackTeam "ESV Nickelhütte Aue"]

1. e4 c5 2. c3 d5 3. exd5 Qxd5 4. d4 Nf6 5. Nf3 e6 6. Be2 Nc6 7. O-O Be7 8. c4
Qd8 9. dxc5 Qxd1 10. Rxd1 Bxc5 11. Nc3 O-O 12. Bf4 1/2-1/2

[Event "Lichtenrader Herbst 2011"]
[Site "Berlin"]
[Date "2011.10.12"]
[Round "5.5"]
[White "Schnabel, Ralf"]
[Black "Kachibadze, Georg"]
[Result "0-1"]
[WhiteElo "2241"]
[BlackElo "2340"]
[PlyCount "86"]
[EventDate "2011.??.??"]
[WhiteTeam "ESV Nickelhütte Aue"]
[BlackTeam "SK König Tegel 1949 e.V."]

1. e4 c5 2. Nf3 d6 3. d4 cxd4 4. Nxd4 Nf6 5. Nc3 a6 6. Be2 e5 7. Nf3 h6 8. O-O
Be7 9. Re1 O-O 10. Bf1 Qc7 11. a4 Be6 12. Nd5 Nxd5 13. exd5 Bf5 14. c4 a5 15.
Bd3 Bxd3 16. Qxd3 f5 17. Qc2 Na6 18. b3 Nb4 19. Qe2 Bf6 20. Bb2 Qb6 21. Rab1 e4
22. Bxf6 Rxf6 23. Nd2 Nd3 24. Qe3 Qb4 25. Red1 Nc5 26. Qd4 Re8 27. Nf1 f4 28.
Re1 Rf5 29. Qd2 Qb6 30. b4 axb4 31. Rxb4 Qa5 32. Reb1 Qd8 33. Rb6 Qe7 34. Qc2
Re5 35. a5 f3 36. g3 Qd7 37. Ne3 Qh3 38. g4 Rg5 39. Kh1 Rxg4 40. Rg1 Rxg1+ 41.
Kxg1 Re5 42. Rxd6 Rg5+ 43. Kh1 Rg2 0-1

[Event "Lichtenrader Herbst 2011"]
[Site "Berlin"]
[Date "2011.10.12"]
[Round "5.7"]
[White "Graf, Felix"]
[Black "Jahnz, Fabian"]
[Result "1/2-1/2"]
[WhiteElo "2341"]
[BlackElo "2226"]
[PlyCount "89"]
[EventDate "2011.??.??"]
[WhiteTeam "FC Bayern München e.V."]
[BlackTeam "SK König Tegel 1949 e.V."]

1. d4 d5 2. c4 dxc4 3. Nf3 Nf6 4. Nc3 a6 5. e3 Bg4 6. Bxc4 e6 7. O-O Nc6 8. Be2
Bd6 9. h3 Bh5 10. b3 O-O 11. Bb2 Qe8 12. Nd2 Bxe2 13. Nxe2 e5 14. Nc4 Rd8 15.
Nxd6 cxd6 16. Ba3 Qe6 17. Qd2 Rfe8 18. Rad1 Qd7 19. Qc3 Qf5 20. Ng3 Qg6 21. d5
Ne7 22. Qb4 Nexd5 23. Qxb7 Nxe3 24. fxe3 Qxg3 25. Rf3 Qg6 26. Rxd6 Rxd6 27.
Bxd6 Qd3 28. Qc6 Qb5 29. Qxb5 axb5 30. Rf1 Nd5 31. Rc1 Nxe3 32. Rc5 b4 33. Bxe5
f6 34. Bd4 Re4 35. Bxe3 Rxe3 36. Kf2 Re7 37. Ra5 Kf7 38. Ra4 Rc7 39. Ke3 Rc2
40. Kf3 h5 41. Rxb4 Rxa2 42. Rb7+ Kg6 43. h4 Rb2 44. b4 Kf5 45. Rb5+ 1/2-1/2

[Event "Lichtenrader Herbst 2011"]
[Site "Berlin"]
[Date "2011.10.12"]
[Round "5.9"]
[White "Thompson, Ian D"]
[Black "Böttcher, Patrick"]
[Result "1-0"]
[WhiteElo "2276"]
[BlackElo "2170"]
[PlyCount "69"]
[EventDate "2011.??.??"]
[WhiteTeam "Guildford"]
[BlackTeam "SC Zitadelle Spandau 1977 e.V."]

1. c4 Nf6 2. Nc3 c5 3. g3 e6 4. Nf3 b6 5. Bg2 Bb7 6. O-O Be7 7. Re1 O-O 8. e4
d6 9. d4 cxd4 10. Nxd4 a6 11. Be3 Qc7 12. Rc1 Nbd7 13. f4 Rfe8 14. b3 Bf8 15.
Bf2 g6 16. h3 Rac8 17. Nf3 Nc5 18. Nh2 Rcd8 19. b4 Ncd7 20. g4 d5 21. e5 Ne4
22. Nxe4 dxe4 23. Qb3 g5 24. Bxe4 Bxe4 25. Rxe4 gxf4 26. Nf3 Bg7 27. Rce1 a5
28. a3 axb4 29. axb4 Ra8 30. Bd4 Rec8 31. Bb2 Qa7 32. Rxf4 b5+ 33. c5 Qa2 34.
Qc2 Qa6 35. Ng5 1-0

[Event "Lichtenrader Herbst 2011"]
[Site "Berlin"]
[Date "2011.10.12"]
[Round "5.11"]
[White "Boetzer, Detlef"]
[Black "Järvinen, Rauno"]
[Result "1-0"]
[WhiteElo "2286"]
[BlackElo "2149"]
[PlyCount "53"]
[EventDate "2011.??.??"]
[WhiteTeam "SC Rotation Pankow e.V."]
[BlackTeam "Sfrd. Berlin 1903 e.V."]

1. c4 e5 2. Nc3 g6 3. g3 Bg7 4. Bg2 d6 5. Nf3 Nh6 6. d4 Nd7 7. O-O O-O 8. e4
Ng4 9. h3 exd4 10. Nxd4 Nge5 11. b3 Nc5 12. Be3 Nc6 13. Qd2 Ne6 14. Nde2 f5 15.
exf5 Rxf5 16. Rad1 g5 17. Nd5 Ne5 18. f4 gxf4 19. Nexf4 Nxf4 20. Bxf4 Nc6 21.
g4 Rf7 22. Bg5 Qe8 23. Rxf7 Qxf7 24. Rf1 Qg6 25. Nf6+ Kh8 26. Nh5 h6 27. Bf6
1-0

[Event "Lichtenrader Herbst 2011"]
[Site "Berlin"]
[Date "2011.10.12"]
[Round "5.13"]
[White "Reichenbach, Werner"]
[Black "Kirchhof, Arno"]
[Result "1/2-1/2"]
[WhiteElo "2310"]
[BlackElo "2054"]
[PlyCount "58"]
[EventDate "2011.??.??"]
[WhiteTeam "Schachclub Oberkrämer"]
[BlackTeam "SC Zugzwang 95 e.V."]

1. e4 e6 2. d4 d5 3. Nc3 Bb4 4. Qd3 Ne7 5. a3 Bxc3+ 6. bxc3 b6 7. Qg3 O-O 8.
Bd3 Ba6 9. Nf3 c5 10. e5 Bxd3 11. cxd3 Nbc6 12. O-O cxd4 13. cxd4 Na5 14. Rb1
Qd7 15. Bd2 Rfc8 16. h4 Rc2 17. h5 h6 18. Qf4 Qa4 19. g4 Nac6 20. Rfc1 Rc8 21.
Qe3 Na5 22. Rxc2 Rxc2 23. Bb4 Nac6 24. Bd6 Qa5 25. Ne1 Rc3 26. Qd2 Rxa3 27. Qc1
Rc3 28. Qd2 Ra3 29. Qc1 Rc3 1/2-1/2

[Event "Lichtenrader Herbst 2011"]
[Site "Berlin"]
[Date "2011.10.12"]
[Round "5.14"]
[White "Möller, Hendrik"]
[Black "Greiser, Christian"]
[Result "1-0"]
[WhiteElo "2222"]
[BlackElo "1977"]
[PlyCount "77"]
[EventDate "2011.??.??"]
[WhiteTeam "SC Weisse Dame e.V."]
[BlackTeam "SC Weisse Dame e.V."]

1. c4 Nf6 2. g3 g6 3. Bg2 Bg7 4. Nc3 O-O 5. e4 e5 6. Nge2 d6 7. O-O Nc6 8. d3
Bg4 9. h3 Bxe2 10. Nxe2 Nd7 11. Be3 Nc5 12. d4 Nd7 13. Qd2 a5 14. Rad1 Nb6 15.
b3 a4 16. c5 exd4 17. Nxd4 Nxd4 18. Bxd4 dxc5 19. Bxc5 Qxd2 20. Rxd2 Rfd8 21.
Rfd1 Rxd2 22. Rxd2 axb3 23. axb3 Bc3 24. Rd3 Bf6 25. f4 Rd8 26. Rxd8+ Bxd8 27.
Kf2 Nc8 28. Ke2 Be7 29. Bf2 Ba3 30. Kd3 Kf8 31. e5 c6 32. Be4 Bb2 33. Kc2 Ba3
34. Kc3 Bc1 35. Bc5+ Ke8 36. Kc2 b6 37. Bxc6+ Kd8 38. Bxb6+ Nxb6 39. Kxc1 1-0

[Event "Lichtenrader Herbst 2011"]
[Site "Berlin"]
[Date "2011.10.12"]
[Round "5.17"]
[White "Müller, Tobias"]
[Black "Gebigke, Martin"]
[Result "1-0"]
[WhiteElo "2079"]
[BlackElo "2191"]
[PlyCount "95"]
[EventDate "2011.??.??"]
[WhiteTeam "SK Marmstorf GW Harburg"]
[BlackTeam "SV Berolina Mitte e.V."]

1. c4 b6 2. Nc3 Bb7 3. e4 e6 4. g3 c5 5. Bg2 Nf6 6. Nge2 d6 7. O-O Qc7 8. d3 a6
9. f4 Be7 10. f5 e5 11. h3 Nbd7 12. g4 h6 13. Ng3 b5 14. h4 Nh7 15. f6 Nhxf6
16. cxb5 axb5 17. g5 hxg5 18. hxg5 Ng8 19. Nf5 Bf8 20. Nxb5 Qb6 21. a4 g6 22.
Ne3 c4 23. d4 Rc8 24. b3 exd4 25. Nxc4 Rxc4 26. bxc4 d3+ 27. Rf2 Ne5 28. a5 Qc5
29. a6 Ba8 30. Ba3 Qc6 31. Qa4 Kd8 32. Qa5+ Kd7 33. Na7 Qc7 34. Qxc7+ Kxc7 35.
Nb5+ Kd7 36. Bb2 Bg7 37. a7 f6 38. Bxe5 dxe5 39. Ra6 f5 40. Rxg6 Bf8 41. Rxf5
Bc5+ 42. Kf1 Ne7 43. Rg7 d2 44. Nc3 Bb4 45. Nd1 Rc8 46. Rxe5 Rxc4 47. Rb5 Bd6
48. Rb8 1-0

[Event "Lichtenrader Herbst 2011"]
[Site "Berlin"]
[Date "2011.10.12"]
[Round "5.18"]
[White "Jaeger, Andre"]
[Black "Freyberg, Dominic"]
[Result "0-1"]
[WhiteElo "2040"]
[BlackElo "2176"]
[PlyCount "64"]
[EventDate "2011.??.??"]
[WhiteTeam "SC Rochade e.V."]
[BlackTeam "SC Rotation Pankow e.V."]

1. d4 Nf6 2. c4 g6 3. g3 Bg7 4. Bg2 O-O 5. Nc3 d6 6. Nf3 Nbd7 7. O-O e5 8. e4
exd4 9. Nxd4 Re8 10. h3 a6 11. Bg5 h6 12. Be3 Rb8 13. Qc1 Kh7 14. Rd1 Ne5 15.
c5 Nc4 16. cxd6 cxd6 17. Nde2 b5 18. Bd4 Bb7 19. b3 Ne5 20. f4 Nc6 21. Bc5 b4
22. Rxd6 Qa5 23. Na4 Nxe4 24. Bb6 Qb5 25. Rxc6 Qxc6 26. Nd4 Qxb6 27. Nxb6 Bxd4+
28. Kh2 Bxb6 29. Qc4 Nd6 30. Qxb4 Re2 31. Qxb6 Rxg2+ 32. Kh1 Rxa2+ 0-1

[Event "Lichtenrader Herbst 2011"]
[Site "Berlin"]
[Date "2011.10.12"]
[Round "5.19"]
[White "Schlierkamp, Ferdinand"]
[Black "Witte, Ronald"]
[Result "0-1"]
[WhiteElo "2189"]
[BlackElo "2057"]
[PlyCount "74"]
[EventDate "2011.??.??"]
[WhiteTeam "Schachklub Werne 1972"]
[BlackTeam "BSV 63 Chemie Weißensee"]

1. e4 c5 2. Nf3 d6 3. d4 cxd4 4. Nxd4 Nf6 5. Nc3 a6 6. Bg5 e6 7. f4 Be7 8. Qf3
Qc7 9. O-O-O Nbd7 10. g4 b5 11. Bxf6 gxf6 12. a3 Rb8 13. f5 Ne5 14. Qh3 O-O 15.
Qh6 Re8 16. Rg1 Qd8 17. h4 Kh8 18. Be2 Rg8 19. Rg3 Qf8 20. Qe3 Bd7 21. Rdg1 b4
22. axb4 Rxb4 23. Nf3 Qb8 24. Nd1 Bb5 25. Nxe5 dxe5 26. Bxb5 Qxb5 27. g5 fxg5
28. hxg5 Bc5 29. Qf3 Bxg1 30. Rxg1 Qa5 31. Rh1 Rd8 32. c3 Qa1+ 33. Kc2 Rxd1 34.
Rxd1 Qxb2+ 35. Kd3 Rb3 36. Kc4 Rb8 37. fxe6 Qb5# 0-1

[Event "Lichtenrader Herbst 2011"]
[Site "Berlin"]
[Date "2011.10.12"]
[Round "5.20"]
[White "Magnussen, Helge"]
[Black "Galkin, Wladislaw"]
[Result "1-0"]
[WhiteElo "2126"]
[BlackElo "1986"]
[PlyCount "61"]
[EventDate "2011.??.??"]
[WhiteTeam "SC Wrist-Kellinghusen von 1979"]
[BlackTeam "SC Ladja Roßdorf"]

1. d4 d5 2. c4 e6 3. Nc3 Nf6 4. Nf3 Nbd7 5. e3 c6 6. Bd3 Bd6 7. O-O O-O 8. e4
dxe4 9. Nxe4 Nxe4 10. Bxe4 h6 11. b3 e5 12. Bb2 f5 13. Bc2 e4 14. Ne5 Nxe5 15.
dxe5 Bc7 16. f3 Qe7 17. fxe4 Bxe5 18. Bxe5 Qxe5 19. Qh5 Qc3 20. Rac1 Bd7 21.
exf5 Rf7 22. Qf3 Qa5 23. Qd3 Raf8 24. f6 gxf6 25. Rxf6 Bf5 26. Qg3+ Rg7 27.
Rxf8+ Kxf8 28. Qb8+ Kf7 29. Rf1 Rg5 30. Qxb7+ Kg8 31. Bxf5 1-0

[Event "Lichtenrader Herbst 2011"]
[Site "Berlin"]
[Date "2011.10.13"]
[Round "6.1"]
[White "Kachibadze, Georg"]
[Black "Graf, Alexander"]
[Result "0-1"]
[WhiteElo "2340"]
[BlackElo "2628"]
[PlyCount "66"]
[EventDate "2011.??.??"]
[WhiteTeam "SK König Tegel 1949 e.V."]
[BlackTeam "Schachklub König Plauen"]

1. e4 e6 2. d4 d5 3. Nc3 Nf6 4. e5 Nfd7 5. f4 c5 6. Nf3 Nc6 7. Be3 Be7 8. Qd2
a6 9. Be2 b5 10. a3 Qc7 11. O-O O-O 12. Nd1 cxd4 13. Nxd4 Nxd4 14. Bxd4 f6 15.
exf6 Bxf6 16. Ne3 Bb7 17. Rad1 Rae8 18. Bg4 Re7 19. Qb4 e5 20. fxe5 Nxe5 21.
Qd2 Nxg4 22. Nxg4 Bxd4+ 23. Qxd4 Rfe8 24. Qd3 d4 25. Rd2 Re1 26. Rdf2 h5 27.
Qb3+ Qc4 28. Nf6+ gxf6 29. Qg3+ Kh7 30. Qh3 Rxf1+ 31. Rxf1 Qf7 32. Rf5 Re5 33.
Rf4 Rg5 0-1

[Event "Lichtenrader Herbst 2011"]
[Site "Berlin"]
[Date "2011.10.13"]
[Round "6.3"]
[White "Meijers, Viesturs"]
[Black "Zschäbitz, Klaus"]
[Result "1-0"]
[WhiteElo "2471"]
[BlackElo "2093"]
[PlyCount "111"]
[EventDate "2011.??.??"]
[WhiteTeam "ESV Nickelhütte Aue"]
[BlackTeam "BSG 1827 Eckbauer e.V."]

1. Nf3 e6 2. c4 Nf6 3. b3 d5 4. Bb2 b6 5. e3 Bb7 6. g3 c5 7. Bg2 Nbd7 8. O-O
Bd6 9. cxd5 exd5 10. d4 O-O 11. dxc5 bxc5 12. Nc3 Ne5 13. Nxd5 Bxd5 14. Nxe5
Bxg2 15. Kxg2 Bxe5 16. Bxe5 Qb6 17. Qf3 Nd7 18. Bxg7 Kxg7 19. Qg4+ Qg6 20. Qxd7
Qe4+ 21. Kg1 Rfd8 22. Qc7 Rac8 23. Qxa7 Rd5 24. Qb7 Re8 25. Rac1 Re7 26. Qa8
Re8 27. Qa3 Ree5 28. Rc4 Qf3 29. Qb2 Kg8 30. Rf4 Qh5 31. b4 Rd1 32. bxc5 Rxf1+
33. Kxf1 Qd1+ 34. Kg2 Qd5+ 35. e4 Rxe4 36. Rxe4 Qxe4+ 37. f3 Qa8 38. Qc2 Qc6
39. h4 h6 40. a4 Kf8 41. a5 h5 42. a6 Qxa6 43. c6 Qc8 44. c7 Kg7 45. Qc5 f6 46.
Qe7+ Kg6 47. Kf2 Qg8 48. Qe4+ Kg7 49. Qc2 Qc8 50. Qc3 Kf7 51. Qc4+ Kg7 52. g4
Kf8 53. gxh5 f5 54. h6 Ke7 55. h7 f4 56. Qe4+ 1-0

[Event "Lichtenrader Herbst 2011"]
[Site "Berlin"]
[Date "2011.10.13"]
[Round "6.4"]
[White "Kalinitschew, Sergey"]
[Black "Feuerstack, Aljoscha"]
[Result "1-0"]
[WhiteElo "2420"]
[BlackElo "2424"]
[PlyCount "81"]
[EventDate "2011.??.??"]
[WhiteTeam "SC Kreuzberg e.V."]
[BlackTeam "SK Norderstedt von 1975"]

1. Nf3 Nf6 2. c4 c6 3. Nc3 d5 4. e3 g6 5. d4 Bg7 6. Be2 O-O 7. O-O a6 8. b3 Ne4
9. Bb2 Nxc3 10. Bxc3 Bg4 11. a4 Nd7 12. h3 Bxf3 13. Bxf3 e6 14. Qd3 Qe7 15. e4
dxe4 16. Qxe4 c5 17. Rad1 Rab8 18. a5 Rfd8 19. Qe3 cxd4 20. Bxd4 Bxd4 21. Rxd4
Rdc8 22. Rfd1 Rc7 23. b4 Rbc8 24. c5 Nb8 25. h4 Qe8 26. Qg5 Nd7 27. Rd6 f6 28.
Qf4 Kg7 29. c6 Ne5 30. cxb7 Rb8 31. Rb6 Rc4 32. Rd4 Rxd4 33. Qxd4 Qe7 34. Be4
Qc7 35. Qc5 Qd7 36. Rd6 Qa4 37. g3 Qa1+ 38. Kg2 Qe1 39. Rd4 Ng4 40. Rd7+ Kh6
41. Bf3 1-0

[Event "Lichtenrader Herbst 2011"]
[Site "Berlin"]
[Date "2011.10.13"]
[Round "6.5"]
[White "Jahnz, Fabian"]
[Black "Radovanovic, Jovica"]
[Result "1/2-1/2"]
[WhiteElo "2226"]
[BlackElo "2320"]
[PlyCount "149"]
[EventDate "2011.??.??"]
[WhiteTeam "SK König Tegel 1949 e.V."]
[BlackTeam "BSC Rehberge 1945 e.V."]

1. e4 c5 2. c3 d5 3. exd5 Qxd5 4. d4 Nf6 5. Nf3 e6 6. Be3 cxd4 7. cxd4 Bb4+ 8.
Nc3 O-O 9. Bd3 Bd7 10. Qe2 Rc8 11. Bd2 Qh5 12. O-O Bc6 13. Ne5 Qxe2 14. Bxe2
Be8 15. Bf3 Nc6 16. Rfd1 Rd8 17. Nxc6 Bxc6 18. Bxc6 bxc6 19. Ne2 c5 20. Bg5
cxd4 21. Rxd4 Bc5 22. Rxd8+ Rxd8 23. Kf1 Rd5 24. Bxf6 gxf6 25. Ke1 Rh5 26. h3
Rf5 27. f3 Rg5 28. g4 Rd5 29. Rc1 Bd6 30. a3 Be5 31. Nc3 Rc5 32. Ke2 h5 33. Kd3
hxg4 34. hxg4 Rc7 35. Rc2 Kg7 36. Ne4 Rd7+ 37. Ke2 Kg6 38. b4 f5 39. Nc5 Rd8
40. Nd3 Bg3 41. gxf5+ Kxf5 42. Rc5+ Rd5 43. a4 Bd6 44. Rc4 e5 45. b5 Rd4 46.
Rc6 e4 47. fxe4+ Kxe4 48. Nf2+ Kd5 49. Ra6 Bc5 50. Nd3 Re4+ 51. Kd2 Be3+ 52.
Kc3 Re7 53. Nb4+ Ke4 54. Rc6 f5 55. Rc4+ Kf3 56. Nd5 Rd7 57. Nxe3 Kxe3 58. Kb4
f4 59. a5 f3 60. b6 axb6 61. axb6 f2 62. Rc1 Ke2 63. Rh1 Rd2 64. Kc5 Rc2+ 65.
Kd6 Rd2+ 66. Kc7 Rc2+ 67. Kd7 Rb2 68. Kc7 Ra2 69. Kd7 Rd2+ 70. Kc7 Rc2+ 71. Kd7
Rb2 72. Kc7 f1=Q 73. Rxf1 Kxf1 74. b7 Rxb7+ 75. Kxb7 1/2-1/2

[Event "Lichtenrader Herbst 2011"]
[Site "Berlin"]
[Date "2011.10.13"]
[Round "6.7"]
[White "Freyberg, Dominic"]
[Black "Gruzmann, Boris"]
[Result "1/2-1/2"]
[WhiteElo "2176"]
[BlackElo "2258"]
[PlyCount "48"]
[EventDate "2011.??.??"]
[WhiteTeam "SC Rotation Pankow e.V."]
[BlackTeam "TuS Makkabi Berlin e.V."]

1. e4 e5 2. Nc3 Nf6 3. Bc4 Nxe4 4. Bxf7+ Kxf7 5. Nxe4 d5 6. Nc3 Kg8 7. d4 exd4
8. Qxd4 Be6 9. Nge2 Nc6 10. Qd1 d4 11. Ne4 Be7 12. O-O h6 13. Nf4 Bf7 14. Re1
Qd7 15. Ng3 Re8 16. c3 Rd8 17. cxd4 Qxd4 18. Qxd4 Rxd4 19. Nf5 Rd7 20. Nxe7+
Nxe7 21. b3 Kh7 22. Ba3 Ng6 23. Nxg6 Bxg6 24. h3 Re8 1/2-1/2

[Event "Lichtenrader Herbst 2011"]
[Site "Berlin"]
[Date "2011.10.13"]
[Round "6.12"]
[White "Graf, Felix"]
[Black "Bahner, Julius"]
[Result "1-0"]
[WhiteElo "2341"]
[BlackElo "1990"]
[PlyCount "123"]
[EventDate "2011.??.??"]
[WhiteTeam "FC Bayern München e.V."]
[BlackTeam "SC Kreuzberg e.V."]

1. d4 f5 2. g3 Nf6 3. Bg2 d5 4. c4 e6 5. Qc2 Be7 6. Nh3 O-O 7. O-O c6 8. Nd2
Ne4 9. Nf4 Qe8 10. Nf3 Kh8 11. Ne5 Bf6 12. Nfd3 Nd7 13. f3 Nd6 14. b3 Nf7 15.
f4 Be7 16. a4 Rg8 17. b4 a6 18. Bb2 g5 19. cxd5 cxd5 20. Rac1 Nfxe5 21. dxe5
Nb6 22. Bd4 Nc4 23. a5 Qg6 24. fxg5 Bxg5 25. Nf4 Bxf4 26. Rxf4 Rg7 27. e4 fxe4
28. Bxe4 dxe4 29. Qxc4 Bd7 30. Bc5 Rf7 31. Rxf7 Qxf7 32. Qxe4 Bc6 33. Qh4 Qf3
34. Qf6+ Qxf6 35. exf6 Kg8 36. Be7 Kf7 37. Rc4 h5 38. Rh4 Bf3 39. Kf2 Bd1 40.
Rc4 Ba4 41. Rc5 Rh8 42. Rg5 Rh7 43. h4 Bb5 44. Ke3 Bc6 45. Kd4 Bd5 46. Kc5 Bc6
47. Kb6 Bd5 48. Kc7 Bf3 49. b5 axb5 50. Rxb5 Rh6 51. Rxb7 Bxb7 52. Kxb7 Rg6 53.
a6 Rxg3 54. a7 Rg8 55. a8=Q Rxa8 56. Kxa8 e5 57. Kb7 e4 58. Kc6 e3 59. Kd5 e2
60. Bb4 Kxf6 61. Ke4 e1=Q+ 62. Bxe1 1-0

[Event "Lichtenrader Herbst 2011"]
[Site "Berlin"]
[Date "2011.10.13"]
[Round "6.15"]
[White "Hertwig, Christopher"]
[Black "Reichenbach, Werner"]
[Result "1-0"]
[WhiteElo "2073"]
[BlackElo "2310"]
[PlyCount "59"]
[EventDate "2011.??.??"]
[WhiteTeam "SK König Tegel 1949 e.V."]
[BlackTeam "Schachclub Oberkrämer"]

1. c4 Nf6 2. g3 e5 3. Bg2 c6 4. d4 d6 5. dxe5 dxe5 6. Qxd8+ Kxd8 7. Nf3 Nbd7 8.
O-O h6 9. b3 Bd6 10. Bb2 Re8 11. Nc3 Kc7 12. Ne1 Nf8 13. Nc2 Ne6 14. Rfd1 a5
15. Na4 Nd7 16. Ne3 Nec5 17. Nxc5 Nxc5 18. Rd2 Bf8 19. Rad1 f6 20. Bf3 Be6 21.
Bc3 b6 22. g4 Nb7 23. Nf5 Red8 24. h4 Rxd2 25. Rxd2 a4 26. Be4 axb3 27. axb3
Nd6 28. Nxd6 Bxd6 29. f3 Ra3 30. Rxd6 1-0

[Event "Lichtenrader Herbst 2011"]
[Site "Berlin"]
[Date "2011.10.13"]
[Round "6.16"]
[White "Kirchhof, Arno"]
[Black "Schnabel, Ralf"]
[Result "0-1"]
[WhiteElo "2054"]
[BlackElo "2241"]
[PlyCount "56"]
[EventDate "2011.??.??"]
[WhiteTeam "SC Zugzwang 95 e.V."]
[BlackTeam "ESV Nickelhütte Aue"]

1. d4 f5 2. Bg5 g6 3. Nd2 Bg7 4. e3 Nf6 5. c4 d6 6. Ngf3 Nc6 7. d5 Ne5 8. Nxe5
dxe5 9. e4 h6 10. Bxf6 exf6 11. f3 fxe4 12. fxe4 f5 13. Bd3 O-O 14. Qb3 b6 15.
O-O-O Kh8 16. Kb1 Qe7 17. Qc3 Bd7 18. Nf3 Rae8 19. Rde1 c6 20. Qd2 f4 21. Ref1
g5 22. g3 Bf6 23. gxf4 exf4 24. h4 g4 25. Qxf4 Bg7 26. Qc7 Rxf3 27. Rxf3 gxf3
28. Rf1 Qb4 0-1